New long-range economic plan of Japan

Spremljeno u:
Bibliografski detalji
Format: Knjiga
Jezik:Undetermined
Izdano: Tokyo Japan Ecafe Association 1961
Teme:
Oznake: Dodaj oznaku
Bez oznaka, Budi prvi tko označuje ovaj zapis!
Thư viện lưu trữ: Trung tâm Học liệu Trường Đại học Cần Thơ
LEADER 00421nam a2200157Ia 4500
001 CTU_79454
008 210402s9999 xx 000 0 und d
082 |a 330.9 
082 |b N532 
245 0 |a New long-range economic plan of Japan 
260 |a Tokyo 
260 |b Japan Ecafe Association 
260 |c 1961 
650 |a Economic condition 
650 |z Japan 
980 |a Trung tâm Học liệu Trường Đại học Cần Thơ